Villes Françaises en "Mont-" - Statistiques

Statistiques générales
  • Ce quiz a été pris 66 fois
  • Le résultat moyen est 9 sur 20
Statistiques - réponses
Indices Villes % Correct
Ville de la Drôme, capitale du nougat Montélimar
94%
Chef-lieu de l'Hérault dont les tramways sont une des fiertés de la ville Montpellier
94%
Village normand classé à l’UNESCO fortement revendiqué par les bretons Mont-Saint-Michel
85%
Chef lieu du Tarn-et-Garonne faite de brique rose Montauban
82%
Chef-lieu des Landes où habitent les montois, point de rencontre entre la Douze et le Midou, devenant la Midouze Mont-de-Marsan
74%
Ville de l'Hérault qui, contrairement à ce que son nom indique, n'a rien à voir avec la plus haute montagne de France Montblanc
56%
Sous-préfecture de l'Allier connue pour sa cité médiévale et pour le château des ducs de Bourbon Montluçon
53%
Ville du Loiret surnommée "Venise du Gâtinais" pour ses canaux et ses ponts Montargis
48%
Village du Lot connu pour son nom amusant, popularisé par Pierre Bonte Montcuq
48%
Sous-préfecture du Doubs où l'on peut trouver le château des Wurtemberg Montbéliard
47%
Ville de Seine-Saint-Denis connue pour son cosmopolitisme Montreuil
39%
Ville du Val-d'Oise connue pour ses cerises et ses bourgeois en quête de verdure Montmorency
37%
Village du Puy de Dôme au pied du Puy de Sancy, elle est une station thermale et de ski Mont-Dore
35%
Sous-préfecture de la Côte d'Or, ville natale Buffon Montbard
27%
Ville de la Marne au château de Godefroy le Hardi Montmirail
26%
Sous-préfecture de la Vienne abritant un quartier médiéval conservé, aussi connue pour sa Cité de l’Écrit et des Métiers du Livre Montmorillon
24%
Ville de la Meuse dotée d'un fort Vauban Montmédy
6%
Village de l'Ariège, haut lieu historique des cathares en possédant un château perché en son pog Montségur
6%
Village du Maine-et-Loire classé parmi les Plus Beaux Villages de France, son château au bord de la Loire est devenu un musée d'art contemporain Montsoreau
6%
Village du Puy-de-Dôme également classé parmi les Plus Beaux Villages de France, on n'y rate pas son donjon médiéval de 33m de haut Montpeyroux
5%
Aucun quiz correspondant
Distribution des résultats
% des personnes avec chaque résultat
Percentile par nombre de réponses
Votre historique - résultats
Vous n’avez pas pris ce quiz